Politics, value, and the theory of money (Record no. 533157)
[ view plain ]
| 000 -LEADER | |
|---|---|
| fixed length control field | 00681nam a22001457a 4500 |
| 008 - FIXED-LENGTH DATA ELEMENTS--GENERAL INFORMATION | |
| fixed length control field | 260427b ||||| |||| 00| 0 eng d |
| 100 ## - MAIN ENTRY--PERSONAL NAME | |
| Personal name | Menon, Rahul |
| 245 ## - TITLE STATEMENT | |
| Title | Politics, value, and the theory of money |
| 260 ## - PUBLICATION, DISTRIBUTION, ETC. (IMPRINT) | |
| Place of publication, distribution, etc | Economic & Political Weekly |
| 300 ## - PHYSICAL DESCRIPTION | |
| Extent | 61(8), Feb 21, 2026: p.28-30 |
| 520 ## - SUMMARY, ETC. | |
| Summary, etc | A Political Theory of Money by Anush Kapadia, Cambridge, New York, Port Melbourne, New Delhi and Singapore: Cambridge University Press, 2023; pp xv + 254, price not indicated.-Reproduced https://www.epw.in/journal/2026/8/book-reviews/politics-value-and-theory-money.html |
| 773 ## - HOST ITEM ENTRY | |
| Main entry heading | Economic & Political Weekly |
| 906 ## - LOCAL DATA ELEMENT F, LDF (RLIN) | |
| Subject DIP | BOOK REVIEW |
| 942 ## - ADDED ENTRY ELEMENTS (KOHA) | |
| Item type | Articles |
| Withdrawn status | Lost status | Source of classification or shelving scheme | Damaged status | Not for loan | Permanent location | Current location | Date acquired | Serial Enumeration / chronology | Barcode | Date last seen | Koha item type |
|---|---|---|---|---|---|---|---|---|---|---|---|
| Indian Institute of Public Administration | Indian Institute of Public Administration | 2026-04-27 | 61(8), Feb 21, 2026: p.28-30 | AR138668 | 2026-04-27 | Articles |
